Specifics of Sports Management – Practical Examples

Šport hodnotený od činnosti spojenej so zdravým životným štýlom alebo zábavou po globálny priemysel riadený profesionálnymi manažérmi. Najvýznamnejšie zmeny súvisiace s globalizáciou a modernými technológiami. Udržovanie vlastností nútiacich manažérov k používaniu špecifických techník riadenia. Poro...

Ausführliche Beschreibung

Gespeichert in:
Bibliographische Detailangaben
1. Verfasser: Adámik, Roman
Format: Buchkapitel
Sprache:Englisch
Schlagworte:
Tags: Tag hinzufügen
Keine Tags, Fügen Sie das erste Tag hinzu!

MARC

LEADER 00000naa a2200000 4500
001 0258004
005 20240208112212.2
041 0 |a eng 
044 |a SK 
245 1 0 |a Specifics of Sports Management – Practical Examples  |c Roman Adámik 
520 |a Šport hodnotený od činnosti spojenej so zdravým životným štýlom alebo zábavou po globálny priemysel riadený profesionálnymi manažérmi. Najvýznamnejšie zmeny súvisiace s globalizáciou a modernými technológiami. Udržovanie vlastností nútiacich manažérov k používaniu špecifických techník riadenia. Porovnanie príznačných charakteristík manažmentu športu a ich porovnanie s klasickým prístupom k riadeniu. 
610 2 0 |a manažment 
610 2 0 |a šport 
610 2 0 |a technika riadenia 
610 2 0 |a manažéri 
610 2 0 |a globalizácia 
610 2 0 |a technológie nové 
610 2 0 |a zmeny štruktúrne 
100 1 |a Adámik, Roman